Statistics for Bledisloe Game III All Blacks Team

Click here to take the quiz!

General Stats

  • This quiz has been taken 6 times
    (5 since last reset)
  • The average score is 15 of 23

Answer Stats

NumberName% Correct
8Ardie Savea
100%
10Beauden Barrett
100%
4Brodie Retallick
100%
2Codie Taylor
100%
15Jordie Barrett
100%
5Scott Barrett
100%
14Will Jordan
100%
6Akira Ioane
67%
9Brad Weber
67%
7Dalton Papali'i
67%
22Damian McKenzie
67%
12David Havili
67%
23George Bridge
67%
3Nepo Laulala
67%
11Rieko Ioane
67%
21TJ Perenara
67%
18Angus Ta'avao
33%
13Anton Lienert-Brown
33%
20Ethan Blackadder
33%
1George Bower
33%
17Karl Tuinukuafe
33%
16Samisoni Taukei'aho
33%
19Tupou Vaa'i
33%

Score Distribution

Percentile by Number Answered

Percent of People with Each Score

Your Score History

You have not taken this quiz since the last reset